000 00342nam a2200121Ia 4500
008 211119s9999||||xx |||||||||||||| ||und||
082 _a894.8124
_bJOS-O
100 _aJoseph, Sarah
245 0 _aOthappu
260 _bCurrent Books
_a2006
_cKottayam
650 _aMalayalam Literature
_vMalayalam EssaysGeneralia
_xGeneral stack
942 _cBOOK
999 _c116141
_d116141